Nhập môn DB2 express-C : Một cuốn sách của cộng đồng dành cho công đồng

Nội dung sách giới thiệu tổng quan và cài đặt DB2 express-C. Các tính năng liên quan và các sản phẩm. Hệ quản trị cơ sở dữ liệu như: kiến trúc, kết nối máy khách, các đối tượng dữ liệu, tiện ích di chuyển dữ liệu, bảo mật dữ liệu,...

Fuld beskrivelse

Đã lưu trong:
Bibliografiske detaljer
Hovedforfatter: Chong, Raul
Format: Bog
Sprog:Undetermined
Udgivet: Hà Nội IBM 2008
Fag:
Tags: Tilføj Tag
Ingen Tags, Vær først til at tagge denne postø!
Thư viện lưu trữ: Trung tâm Học liệu Trường Đại học Cần Thơ
LEADER 01172nam a2200217Ia 4500
001 CTU_232085
008 210402s9999 xx 000 0 und d
082 |a 005.75 
082 |b C548 
100 |a Chong, Raul 
245 0 |a Nhập môn DB2 express-C : 
245 0 |b Một cuốn sách của cộng đồng dành cho công đồng 
245 0 |c Rauk Chong, Ian Hakes, Rav Ahuja ; Lời nói đầu: Arvind Krishna 
260 |a Hà Nội 
260 |b IBM 
260 |c 2008 
520 |a Nội dung sách giới thiệu tổng quan và cài đặt DB2 express-C. Các tính năng liên quan và các sản phẩm. Hệ quản trị cơ sở dữ liệu như: kiến trúc, kết nối máy khách, các đối tượng dữ liệu, tiện ích di chuyển dữ liệu, bảo mật dữ liệu, sao lưu và khôi phục dữ liệu DB2 express-C... 
650 |a Quản trị cơ sở dữ liệu,Database management 
650 |x Chương trình máy tính,Computer programs 
910 |b dqhieu 
980 |a Trung tâm Học liệu Trường Đại học Cần Thơ